000 00539nam a2200217Ia 4500
003 OSt
005 20220924134014.0
006 a|||||r|||| 00| 0
007 ta
008 220923b |||||||| |||| 00| 0 snd d
024 _a271641
037 _cTextual
040 _aARTS
_cARTS
_bsnd
041 _2snd
_asnd
082 _aO157,3M81,IM, 1593J0
100 _aGangopadhaya
_9207872
245 0 _aImila
260 _c1950
942 _hO157,3M81,IM, 1593J0
_cTEXL
_2CC
999 _c436070
_d436070